000 00403nam a22001457a 4500
005 20260201100445.0
008 260201b |||||||| |||| 00| 0 eng d
020 _a9780887376054
_qpbk
082 _a305.2607073
_bWAT
100 _a Waters,Verle
245 _aResources for Teaching Gerontology
260 _b Natl League for Nursing Pr
_c‎ 1 January 1994
300 _aXiii 80 p.
942 _cENGLISH
999 _c609643
_d609643